000
00259pab a2200109 454500
008
180718b xxu||||| |||| 00| 0 eng d
100
_a
Sarkar, J.Sharma
245
_a
Justice in the dock
650
_a
Justice Administration
773
_a
Telegraph
909
_a
23466
999
_c
23466
_d
23466